000
00279nam a2200133Ia 4500
100
_a
Levine/William S
942
_c
BK
654
_a
control handbook
245
_a
The Control Handbook
260
_b
CRC Press
_a
NONE
_c
1996
300
_a
1548
546
_a
ENGLISH
999
_c
23288
_d
23288